<?xml version="1.0" encoding="UTF-8"?>
<record
    xmlns:xsi="http://www.w3.org/2001/XMLSchema-instance"
    xsi:schemaLocation="http://www.loc.gov/MARC21/slim http://www.loc.gov/standards/marcxml/schema/MARC21slim.xsd"
    xmlns="http://www.loc.gov/MARC21/slim">

  <leader>03063cam a22004454i 4500</leader>
  <controlfield tag="003">PE-LiUPU</controlfield>
  <controlfield tag="005">20250731184104.0</controlfield>
  <controlfield tag="008">150623s                r     000 0     d</controlfield>
  <datafield tag="020" ind1=" " ind2=" ">
    <subfield code="a">9684269781</subfield>
  </datafield>
  <datafield tag="035" ind1=" " ind2=" ">
    <subfield code="a">(Sirsi) i9789684269781</subfield>
  </datafield>
  <datafield tag="040" ind1=" " ind2=" ">
    <subfield code="a">PE-LiUPU</subfield>
    <subfield code="b">spa</subfield>
    <subfield code="c">PE-LiUPU</subfield>
    <subfield code="e">rda</subfield>
  </datafield>
  <datafield tag="049" ind1=" " ind2=" ">
    <subfield code="a">PRUA</subfield>
  </datafield>
  <datafield tag="082" ind1="0" ind2="4">
    <subfield code="a">808.06615</subfield>
    <subfield code="b">A512m</subfield>
    <subfield code="2">23</subfield>
  </datafield>
  <datafield tag="100" ind1="1" ind2=" ">
    <subfield code="a">American Psychological Association (APA),</subfield>
    <subfield code="e">autor.</subfield>
  </datafield>
  <datafield tag="245" ind1="1" ind2="0">
    <subfield code="a">Manual de estilo de publicaciones de la American Psychological Associatio /</subfield>
    <subfield code="c">Trad. por Maricela Ch&#xE1;vez M. [et al]; Adaptaci&#xF3;n gramatical Mayra Inzunza S.</subfield>
  </datafield>
  <datafield tag="250" ind1=" " ind2=" ">
    <subfield code="a">Segunda edici&#xF3;n</subfield>
  </datafield>
  <datafield tag="264" ind1=" " ind2="1">
    <subfield code="a">M&#xE9;xico :</subfield>
    <subfield code="b">Editorial El Manual Moderno,</subfield>
    <subfield code="c">2002.</subfield>
  </datafield>
  <datafield tag="300" ind1=" " ind2=" ">
    <subfield code="a">433 p&#xE1;ginas :</subfield>
    <subfield code="b">ilustraciones, gr&#xE1;ficos ;</subfield>
    <subfield code="c">25 cent&#xED;metros</subfield>
  </datafield>
  <datafield tag="336" ind1=" " ind2=" ">
    <subfield code="a">text</subfield>
    <subfield code="2">rdacontent</subfield>
  </datafield>
  <datafield tag="337" ind1=" " ind2=" ">
    <subfield code="a">unmediated</subfield>
    <subfield code="2">rdamedia</subfield>
  </datafield>
  <datafield tag="338" ind1=" " ind2=" ">
    <subfield code="a">volume</subfield>
    <subfield code="2">rdacarrier</subfield>
  </datafield>
  <datafield tag="500" ind1=" " ind2=" ">
    <subfield code="a">"Adaptado para el espa&#xF1;ol por Editorial El Manual Moderno".</subfield>
  </datafield>
  <datafield tag="505" ind1="0" ind2=" ">
    <subfield code="a">Tablas, tablas modelo, figuras y figuras modelo XIII. -Presentaci&#xF3;n a la segunda edici&#xF3;n en espa&#xF1;ol XV. -Agradecimientos XVII.-Pr&#xF3;logo XIX. -Introducci&#xF3;n XXIII. -Organizaci&#xF3;n de la quinta edici&#xF3;n en ingl&#xE9;s XXIV. -Cambios espec&#xED;fi&#xA1;cos de estilo dentro de la quinta edici&#xF3;n en ingl&#xE9;s XXVI C&#xF3;mo utilizar el Manual de estilo de publicaciones XXVI. -Contenido y organizaci&#xF3;n de un manuscrito. -Calidad del contenido. -Dise&#xF1;o e informe de la investigaci&#xF3;n. -Evaluaci&#xF3;n del contenido. -Caracter&#xED;sticas de los art&#xED;culos. -Autor&#xED;a. -Tipos de art&#xED;culos.- Extensi&#xF3;n, encabezados y tono. -Partes de un manuscrito 7. -1. 0 6 Portadilla 8 . -1.07 Resumen 9. -1. 0 8 Introducci&#xF3;n 12.-1.0 9 M&#xE9;todo 13.-Resultados 16,.-scusi&#xF3;n 21.12 Experimentos m&#xFA;ltiples 22 .-1.13 Referencias 22.-1.14 Ap&#xE9;ndices 23.-1.15 .-Nota acerca del autor 23.-Calidad de la presentaci&#xF3;n 24.-2. Expresi&#xF3;n de ideas y reducci&#xF3;n de discriminaciones en el. -lenguaje 27.-Introducci&#xF3;n 27.-Estilo de redacci&#xF3;n 28.-2. 0 1 Presentaci&#xF3;n ordenada de las ideas 28 .-2. 0 2 Fluidez de la expresi&#xF3;n 29.-2. 0 3 Econom&#xED;a de la expresi&#xF3;n 32. -2. 0 4 Precisi&#xF3;n y claridad 33. -2.05 Estrategias para mejorar el estilo 36.-gram&#xE1;tica 37. -2.06 Verbos 37.-2. 0 7 Concordanc.</subfield>
  </datafield>
  <datafield tag="526" ind1=" " ind2=" ">
    <subfield code="a">P145</subfield>
  </datafield>
  <datafield tag="526" ind1=" " ind2=" ">
    <subfield code="a">P127</subfield>
  </datafield>
  <datafield tag="526" ind1=" " ind2=" ">
    <subfield code="a">P97</subfield>
  </datafield>
  <datafield tag="526" ind1=" " ind2=" ">
    <subfield code="a">P14</subfield>
  </datafield>
  <datafield tag="526" ind1=" " ind2=" ">
    <subfield code="a">P07</subfield>
  </datafield>
  <datafield tag="650" ind1=" " ind2="0">
    <subfield code="a">Redacci&#xF3;n de escritos t&#xE9;cnicos</subfield>
    <subfield code="v">APA</subfield>
    <subfield code="9">2238</subfield>
  </datafield>
  <datafield tag="650" ind1=" " ind2="0">
    <subfield code="a">Arte de escribir</subfield>
    <subfield code="v">-Manual APA</subfield>
    <subfield code="9">2239</subfield>
  </datafield>
  <datafield tag="650" ind1=" " ind2="0">
    <subfield code="a">Publicaciones t&#xE9;cnicas</subfield>
    <subfield code="v"> - Manual APA</subfield>
    <subfield code="9">2240</subfield>
  </datafield>
  <datafield tag="650" ind1=" " ind2="0">
    <subfield code="a">Investigaciones</subfield>
    <subfield code="v">-Manual APA</subfield>
    <subfield code="9">2241</subfield>
  </datafield>
  <datafield tag="700" ind1=" " ind2=" ">
    <subfield code="a">Ch&#xE1;vez,  Mariela </subfield>
    <subfield code="c">Traductor</subfield>
    <subfield code="9">2242</subfield>
    <subfield code="e">Traductor</subfield>
  </datafield>
  <datafield tag="942" ind1=" " ind2=" ">
    <subfield code="2">ddc</subfield>
    <subfield code="c">BK</subfield>
    <subfield code="n">0</subfield>
  </datafield>
  <datafield tag="949" ind1=" " ind2=" ">
    <subfield code="w">DEWEY</subfield>
    <subfield code="c">1</subfield>
    <subfield code="i">50830</subfield>
    <subfield code="d">2016-7-8</subfield>
    <subfield code="e">2016-7-8</subfield>
    <subfield code="l">CCODEBUL1</subfield>
    <subfield code="m">BUL</subfield>
    <subfield code="n">3</subfield>
    <subfield code="p">43.00</subfield>
    <subfield code="r">0</subfield>
    <subfield code="s">Y</subfield>
    <subfield code="t">BOOK</subfield>
    <subfield code="u">2015-6-24</subfield>
    <subfield code="x">EDUCACION</subfield>
    <subfield code="z">UNKNOWN</subfield>
    <subfield code="0">COMPRA</subfield>
    <subfield code="o">.STAFF. Colecci&#xF3;n General</subfield>
  </datafield>
  <datafield tag="949" ind1=" " ind2=" ">
    <subfield code="w">DEWEY</subfield>
    <subfield code="c">2</subfield>
    <subfield code="i">50829</subfield>
    <subfield code="d">2016-7-8</subfield>
    <subfield code="e">2016-7-8</subfield>
    <subfield code="l">CCODEBUL1</subfield>
    <subfield code="m">BUL</subfield>
    <subfield code="n">1</subfield>
    <subfield code="p">43.00</subfield>
    <subfield code="r">0</subfield>
    <subfield code="s">Y</subfield>
    <subfield code="t">BOOK</subfield>
    <subfield code="u">2015-6-24</subfield>
    <subfield code="x">EDUCACION</subfield>
    <subfield code="z">UNKNOWN</subfield>
    <subfield code="0">COMPRA</subfield>
    <subfield code="o">.STAFF. Colecci&#xF3;n General</subfield>
  </datafield>
  <datafield tag="980" ind1=" " ind2=" ">
    <subfield code="8">1</subfield>
    <subfield code="g">ALBERTO SANCHEZ Responsable de Automatizaci&#xF3;n</subfield>
  </datafield>
  <datafield tag="999" ind1=" " ind2=" ">
    <subfield code="c">34479</subfield>
    <subfield code="d">34479</subfield>
  </datafield>
  <datafield tag="952" ind1=" " ind2=" ">
    <subfield code="r">2025-12-03 00:00:00</subfield>
    <subfield code="i">6</subfield>
    <subfield code="l">4</subfield>
    <subfield code="o">808.06615 A512m</subfield>
    <subfield code="p">50830</subfield>
    <subfield code="s">2018-04-01</subfield>
    <subfield code="t">e2</subfield>
    <subfield code="v">48.00</subfield>
    <subfield code="w">2015-06-24</subfield>
    <subfield code="x">FACIHED</subfield>
    <subfield code="y">BK</subfield>
    <subfield code="z">inventario-2023-12-13</subfield>
    <subfield code="1">0</subfield>
    <subfield code="2">ddc</subfield>
    <subfield code="5">0</subfield>
    <subfield code="7">0</subfield>
    <subfield code="8">GEN</subfield>
    <subfield code="f">P14</subfield>
    <subfield code="a">BUL</subfield>
    <subfield code="b">BUL</subfield>
    <subfield code="c">GEN</subfield>
    <subfield code="d">2015-06-24</subfield>
    <subfield code="e">COMPRA</subfield>
    <subfield code="g">43.00</subfield>
  </datafield>
  <datafield tag="952" ind1=" " ind2=" ">
    <subfield code="r">2025-12-03 00:00:00</subfield>
    <subfield code="i">6</subfield>
    <subfield code="l">8</subfield>
    <subfield code="o">808.06615 A512m</subfield>
    <subfield code="p">50829</subfield>
    <subfield code="s">2019-10-21</subfield>
    <subfield code="t">e1</subfield>
    <subfield code="v">48.00</subfield>
    <subfield code="w">2015-06-24</subfield>
    <subfield code="x">FACIHED</subfield>
    <subfield code="y">BK</subfield>
    <subfield code="z">inventario-2023-12-13</subfield>
    <subfield code="1">0</subfield>
    <subfield code="2">ddc</subfield>
    <subfield code="5">0</subfield>
    <subfield code="7">0</subfield>
    <subfield code="8">GEN</subfield>
    <subfield code="f">P14</subfield>
    <subfield code="a">BUL</subfield>
    <subfield code="b">BUL</subfield>
    <subfield code="c">GEN</subfield>
    <subfield code="d">2015-06-24</subfield>
    <subfield code="e">COMPRA</subfield>
    <subfield code="g">43.00</subfield>
  </datafield>
</record>
